000 00538nam a22001817a 4500
003 CEME
005 20210628203224.0
008 210121b xxu||||| |||| 00| 0 eng d
020 _a0-471-60531-X
040 _cceme
082 _a530 BRE
100 _aBrehm, John .J , Mullin, William .J
_964088
245 _aIntroduction to the structure of matter , a course in modern physics
260 _aNEW YORK
_bJOHN WILEY
_c1989
300 _aXVI,956 P
650 _aPHYSICS, MATTER -CONSTITUTION . MODERN PHYSICS
_964089
942 _cBK
_2ddc
999 _c572715
_d572715